000 00855nam0a2200277 4500
001 RU\NLR\ONL1\6047
005 20250613115045.0
035 _a(NLR Aleph) 009634798
090 _a9516712
_c9516712
100 _a20050803d1932 |||y0rusy50 ca
101 0 _achm
102 _aRU
105 _ay |||||||||
200 1 _aКыньэ ву|дышаш мландым у|йан|дымэ
_fА. Г. Блахтин
_gКиш кусарэн
210 _aМ.
_cСельхозгиз
_d1932
215 _a30 с.
_d20
541 1 _aУдобрения под коноплю.
_zrus
606 0 _aУдобрения
_9907507
_3RU\NLR\auth\6611126
686 1 _aП040
700 1 _aБлахтин
_bА. Г.
_4070
801 0 _aRU
_bNLR
_c20050803
_gPSBO
852 _aNLR
_bОНЛ
_jМар.г./2-414
942 _cBOOK
980 _aNB